Applied calculus : For business, economics, and social and life sciences

Shranjeno v:
Bibliografske podrobnosti
Glavni avtor: Hoffmann, Laurence D.
Format: Knjiga
Jezik:Undetermined
Izdano: Boston McGraw-Hill 2005
Teme:
Oznake: Označite
Brez oznak, prvi označite!
Thư viện lưu trữ: Trung tâm Học liệu Trường Đại học Cần Thơ
LEADER 00673nam a2200229Ia 4500
001 CTU_129844
008 210402s9999 xx 000 0 und d
020 |c 15.5 
082 |a 515 
082 |b H699 
100 |a Hoffmann, Laurence D. 
245 0 |a Applied calculus : 
245 0 |b For business, economics, and social and life sciences 
245 0 |c Laurence D. Hoffmann, Gerald L. Bradley, Kenneth H. Rosen 
260 |a Boston 
260 |b McGraw-Hill 
260 |c 2005 
526 |a Toán cao cấp A,Toán cao cấp C 
526 |b TN006,TN009 
650 |a Calculus 
904 |i Tuyến 
980 |a Trung tâm Học liệu Trường Đại học Cần Thơ